000 00437nam a22001457a 4500
003 SGT
082 _a617.3
_bC24G
100 _aGAJBHIYE, PRAGATI
245 _aCOMPARISON OF TWO MODE OF KINETIC CHAIN EXERCISES ON THIGH GIRTH, BALANCE AND FALL RISK AMONG POSTMENOPAUSAL FEMALES WITH MILD KNEE OSTEOARTHRITIS
260 _aGURUGRAM
_bSGT UNIVERSITY
_c2024
300 _a129
650 _aORTHOPEDICS
653 _aMPT
942 _2ddc
_cTH
999 _c32227
_d32227